000
00189 a2200097 4500
020
_a
9780545726610
041
_a
eng
100
_a
james Dean
245
_a
Pete the Cat play Ball
942
_c
K
999
_c
30459
_d
30457